000 00525nam a2200193Ia 4500
005 20250326142038.0
008 250326s9999 xx 000 0 und d
020 _a1 85185 005 8
037 _aTextbook
040 _aFMSL
_beng
_cFMSL
041 _aeng
_2eng
084 _aX:51 M6
_qFMSL
100 _aDoust P
245 0 _aMarketing QSA Management planning and control
_cDoust P
260 _aLondon
_bLondon, Ficial training
_c1986
300 _a123p
942 _cTB
_hX:51 M6
999 _c1293186
_d1293186